Treachery at Lancaster Gate : a Charlotte and Thomas Pitt novel / Anne Perry.
"Commander Thomas Pitt, head of Special Branch, is called to the scene of a brutal explosion in the heart of London. The bomb was set off during an important--and secret--police raid, killing several officers, and the government suspects anarchists are at work. But what Pitt discovers is far more disturbing: the explosion was not a terrorist attack meant to sow chaos, but a calculated means to commit a targeted murder. And the evidence trail leads him straight to a deadly crime that is set not in the back alleys of London, but in the drawing rooms of London's elite"-- Provided by publisher.
Record details
- ISBN: 9781101886328
- ISBN: 1101886323
- Physical Description: 288 pages ; 25 cm.
- Edition: First Edition.
- Publisher: New York : Ballantine Books, ©2016
Search for related items by subject
| Genre: | Mystery fiction. Historical fiction. Detective and mystery fiction. Historical fiction. |
Search for related items by series
Available copies
- 1 of 1 copy available at scottsboropl.
Holds
- 0 current holds with 1 total copy.
Show Only Available Copies
| Location | Call Number / Copy Notes | Barcode | Shelving Location | Status | Due Date |
|---|---|---|---|---|---|
| scottsboropl | F Per | 32269000979917 | Adult - Fiction | Available | - |
| LDR | 02169nam a2200457 i 4500 | ||
|---|---|---|---|
| 001 | 140960 | ||
| 003 | CONS | ||
| 005 | 20160407081808.0 | ||
| 008 | 160209s2016 nyu 000 1 eng | ||
| 010 | . | ‡a 2015050465 | |
| 020 | . | ‡a9781101886328 ‡q(hardback) | |
| 020 | . | ‡a1101886323 ‡q(hardback) | |
| 035 | . | ‡a(CPomAG)LMN594033 | |
| 042 | . | ‡apcc | |
| 043 | . | ‡ae-uk-en | |
| 050 | 0 | 0. | ‡aPR6066.E693 ‡bT736 2016 |
| 082 | 0 | 0. | ‡a823/.914 ‡223 |
| 100 | 1 | . | ‡aPerry, Anne, ‡eauthor. |
| 245 | 1 | 0. | ‡aTreachery at Lancaster Gate : ‡ba Charlotte and Thomas Pitt novel / ‡cAnne Perry. |
| 250 | . | ‡aFirst Edition. | |
| 264 | 1. | ‡aNew York : ‡bBallantine Books, ‡c©2016 | |
| 300 | . | ‡a288 pages ; ‡c25 cm. | |
| 336 | . | ‡atext ‡2rdacontent | |
| 337 | . | ‡aunmediated ‡2rdamedia | |
| 338 | . | ‡avolume ‡2rdacarrier | |
| 490 | 1 | . | ‡aA Charlotte and Thomas Pitt novel |
| 520 | . | ‡a"Commander Thomas Pitt, head of Special Branch, is called to the scene of a brutal explosion in the heart of London. The bomb was set off during an important--and secret--police raid, killing several officers, and the government suspects anarchists are at work. But what Pitt discovers is far more disturbing: the explosion was not a terrorist attack meant to sow chaos, but a calculated means to commit a targeted murder. And the evidence trail leads him straight to a deadly crime that is set not in the back alleys of London, but in the drawing rooms of London's elite"-- ‡cProvided by publisher. | |
| 650 | 0. | ‡aPitt, Charlotte (Fictitious character) ‡vFiction. | |
| 650 | 0. | ‡aPitt, Thomas (Fictitious character) ‡vFiction. | |
| 650 | 0. | ‡aBombings ‡vFiction. | |
| 650 | 0. | ‡aMurder ‡xInvestigation ‡vFiction. | |
| 650 | 0. | ‡aPolice ‡zEngland ‡zLondon ‡vFiction. | |
| 651 | 0. | ‡aLondon (England) ‡xHistory ‡y1800-1950 ‡vFiction. | |
| 655 | 7. | ‡aMystery fiction. ‡2gsafd | |
| 655 | 7. | ‡aHistorical fiction. ‡2gsafd | |
| 655 | 7. | ‡aDetective and mystery fiction. ‡2lcgft | |
| 655 | 7. | ‡aHistorical fiction. ‡2lcgft | |
| 800 | 1 | . | ‡aPerry, Anne. ‡tCharlotte and Thomas Pitt novel. |
| 914 | . | ‡aSCP_jd | |
| 959 | . | ‡i32269000979917 ‡lF Per ‡aAdult - Fiction ‡tFiction ‡g28.00 | |
| 852 | . | ‡p32269000979917 ‡jF Per ‡gAdult - Fiction ‡cFiction ‡y28.00 ‡bSBPL | |
| 901 | . | ‡a140960 ‡bUnknown ‡c140960 ‡tbiblio | |